Statistics for Top 5 Best MLB teams of the 50's

Click here to take the quiz!

General Stats

  • This quiz has been taken 51 times
  • The average score is 4 of 5

Answer Stats

WinsTeam% Correct
955New York Yankees
100%
913Brooklyn/Los Angeles Dodgers
98%
854Boston/Milwaukee Braves
66%
904Cleveland Indians
61%
847Chicago White Sox
57%

Score Distribution

Percentile by Number Answered

Percent of People with Each Score

Your Score History

You have not taken this quiz